NĚKTERÉ PRÁVNÍ ASPEKTY TECHNICKÉ TVŮRČÍ PRÁCE

Bibliographic Details
Main Author: Blatný, Milan (Author)
Format: Article
Language:Czech

MARC

LEADER 00000nab a2200000uu 4500
001 vtls011462890
003 SK-MaSNL
005 20260303160006.0
008 230222|1974 xo |||||||||||||||||cze|
015 |a SNBRB 
035 |a (urnnbn)urn:nbn:sk:snk:ar-a0anrw 
035 |a (uuid)0dc78e8e-02dd-46e7-aa76-926acf583db5 
035 |a urn:nbn:sk:snk-abcw8h 
040 |a SNKBUCL  |b slo  |c SNKBUCL  |e AACR2 
041 0 |a cze 
044 |a xo  |c SK 
100 1 |a Blatný, Milan  |4 aut  |9 377680 
245 1 0 |a NĚKTERÉ PRÁVNÍ ASPEKTY TECHNICKÉ TVŮRČÍ PRÁCE  |c Milan Blatný 
773 0 |t Technická práca : časopis Ústřední rady Čs. vědecko-technické společnosti  |g Roč. 26, č. 11 (1974), s. 53-54 
958 |a OND 
958 |a EUIPO 
958 |a article16 
999 |c 2043739  |d 2045669